Parc de Collserola
Publicado:
Barcelona :
Patronat Metropolità Parc de Collserola, Àrea Metropolitana de Barcelona. Mancomunitat de Municipis ,
1998
Descripción Física:
1 mapa : col. ; 39 x 40 cm plegat a 20 x 21 cm
MARC
| LEADER | 00000nam a2200000Ia 4500 | ||
|---|---|---|---|
| 001 | 21505 | ||
| 008 | 160829s1998 xx 000 0 cat d | ||
| 080 | |a FU-40-33 | ||
| 245 | |a Parc de Collserola | ||
| 250 | |a Ed. en castellano | ||
| 260 | |a Barcelona : |b Patronat Metropolità Parc de Collserola, Àrea Metropolitana de Barcelona. Mancomunitat de Municipis, |c 1998 | ||
| 300 | |a 1 mapa : |b col. ; |c 39 x 40 cm plegat a 20 x 21 cm | ||
| 590 | |a Inclou informació turística del Parc | ||
| 610 | 0 | |a Parc de Collserola |v Guies |9 9951 | |
| 650 | |a Espais naturals |x Catalunya |9 49616 | ||
| 710 | 2 | |a Mancomunitat de Municipis de l'Àrea Metropolitana de Barcelona |9 6256 | |
| 710 | |a Patronat Metropolità Parc de Collserola |9 4183 | ||
| 901 | |a Arxiu | ||
| 942 | |n 1 | ||
| 952 | |0 0 |1 0 |4 0 |6 FU4033 |7 1 |9 52249 |a Arxiu |b Arxiu |d 2016-12-01 |l 0 |o FU-40-33 |p 21505 |r 2016-12-01 00:00:00 |w 2016-12-01 |y ARXIU | ||
| 999 | |c 56097 |d 56097 | ||